La educación primaria en América
Gardado en:
| Corporate Authors: | , |
|---|---|
| Formato: | Libro |
| Idioma: | Lingua castelá |
| Publicado: |
Washington, D.C
División de Educación. Unión Panamericana
1954
|
| Series: | Seminarios Interamericanos de Educación Primaria, Montevideo, 1950
|
| Subjects: | |
| Tags: |
Engadir etiqueta
Sen Etiquetas, Sexa o primeiro en etiquetar este rexistro!
|
MARC
| LEADER | 00000nam a2200000 a 4500 | ||
|---|---|---|---|
| 001 | UCU1065 | ||
| 003 | CL-VaPUC | ||
| 008 | 960329e19540000US |||||||||||||||||spa|d | ||
| 082 | 0 | 4 | |a 372 |b OEA |2 21 |
| 110 | 2 | |a OEA |e author |9 356666 | |
| 710 | 2 | |a UNESCO |e author |9 356667 | |
| 245 | 1 | 3 | |a La educación primaria en América |
| 300 | |a 201 p | ||
| 942 | |c BK | ||
| 945 | |d 19960329 00:00:00 |a lriquelm | ||
| 260 | |a Washington, D.C |b División de Educación. Unión Panamericana |c 1954 | ||
| 650 | 0 | |a Educación básica |9 224933 | |
| 650 | 7 | |a NIVELES DE ENSEÑANZA |2 CL-VaPUC |9 334999 | |
| 650 | 0 | |a Currículo |9 307290 | |
| 650 | 0 | |a Formación profesional de profesores |9 307493 | |
| 651 | 0 | |a América Latina |9 255027 | |
| 583 | |a last modification |c 19960329 00:00:00 |k Rodrigo Vera | ||
| 490 | 0 | |a Seminarios Interamericanos de Educación Primaria, Montevideo, 1950 | |
| 999 | |c 245827 |d 245825 | ||
| 952 | |0 0 |1 0 |4 0 |6 372_000000000000000_OEA_1954 |7 0 |8 P |9 260433 |a BIBEDU |b BIBEDU |c BIBEDU_PB |d 2019-11-19 |i 200853K |o 372 OEA 1954 |p 200853K |r 2024-01-25 |w 2019-11-19 |y BK |k EDU | ||